000 00480nam a2200181Ia 4500
003 LK-CoDNM
008 010623t1925 xxu||||| |||| 00| 1 eng d
040 _aLK-CoDNM
_dLK-CoDNM
_eLK-CoDNM
041 _aeng
080 _a7 L.19
100 _aRonaldshay
245 _aThe Heart of Aryavarta.A Study of the Psychology of Indian Unrest
260 _bConstable and Company
_aLondon
_c1925
300 _bxvii,262p., 23 cm
650 _aAnanda Math
650 _aEarl
942 _cBK
999 _c92812
_d92812